|
|
|
|
| LEADER |
00000nam a22000005a 4500 |
| 003 |
CL-ChBUA |
| 005 |
20120815095546.0 |
| 008 |
120418s2001 xxu||||| |||| 000 ||eng |
| 020 |
|
|
|a 0830822844
|
| 040 |
|
|
|a CL-ChBUA
|c CL-ChBUA
|
| 082 |
0 |
0 |
|a 259.2
|
| 090 |
|
|
|c 29439
|d 29439
|
| 100 |
1 |
|
|a Dunn, Richard R.
|
| 245 |
1 |
0 |
|a Shaping: the spiritual life of students ;
|b A guide for youth workers, pastors, teachers & campus ministers
|
| 260 |
|
|
|a Downers Grove, IL.
|b IVP Books
|c c2001
|
| 300 |
|
|
|a 256 p.
|c 21 cm.
|
| 504 |
|
|
|a índice, bibl.
|
| 650 |
|
4 |
|a ADOLESCENTES CRISTIANOS - VIDA RELIGIOSA
|
| 942 |
|
|
|c LIB
|
| 952 |
|
|
|0 0
|1 0
|4 0
|7 0
|9 68714
|a UNACH
|b UNACH
|c 200
|d 2012-04-18
|i 48.564
|l 0
|o 259.2 / D 923
|p 69846
|r 2012-12-27 00:00:00
|u 68714
|w 2012-08-08
|y LIB
|k 259.2 / D 923
|
| 999 |
|
|
|c 29439
|d 29439
|